书目信息 |
| 题名: |
中国石化加氢技术交流会论文集
|
|
| 作者: | 俞仁明 , 陈尧焕 主编 | |
| 分册: | 下册 | |
| 出版信息: | 北京 中国石化出版社 2021 |
|
| 页数: | 517-1135页 | |
| 开本: | 29cm | |
| 丛书名: | ||
| 单 册: | ||
| 中图分类: | TE624.4 | |
| 科图分类: | ||
| 主题词: | 石油炼制--shi you lian zhi--加氢裂化--文集 | |
| 电子资源: | ||
| ISBN: | 978-7-5114-6164-3 | |
| 000 | 00980nam0 2200229 450 | |
| 001 | 011025152722 | |
| 005 | 20221025152722.0 | |
| 010 | @a978-7-5114-6164-3@dCNY149.00 | |
| 100 | @a20201004d2021 em y0chiy0120 ea | |
| 101 | 0 | @achi |
| 102 | @aCN@b110000 | |
| 105 | @aa z 000yy | |
| 106 | @ar | |
| 200 | 1 | @a中国石化加氢技术交流会论文集@Azhong guo shi hua jia qing ji shu jiao liu hui lun wen ji@h下册@h2021@f俞仁明, 陈尧焕主编 |
| 210 | @a北京@c中国石化出版社@d2021 | |
| 215 | @a517-1135页@c图@d29cm | |
| 330 | @a本书收录了近两年来国内炼化生产、科研、设计单位有关加氢装置生产运行情况总结、加氢新技术应用、加氢催化剂研究及工艺开发等论文共175篇。内容包括馏分油加氢裂化技术、各种汽煤柴油加氢精制技术、重质油加氢处理技术、工程设备与装置安全运行及节能与资源优化利用等。 | |
| 606 | 0 | @a石油炼制@Ashi you lian zhi@x加氢裂化@j文集 |
| 690 | @aTE624.4@v5 | |
| 701 | 0 | @a俞仁明@Ayu ren ming@4主编 |
| 701 | 0 | @a陈尧焕@Achen yao huan@4主编 |
| 905 | @a河南城建学院图书馆@dTE624.4@eY8021 | |
| 中国石化加氢技术交流会论文集.下册.2021/俞仁明, 陈尧焕主编.-北京:中国石化出版社,2021 |
| 517-1135页:图;29cm |
| ISBN 978-7-5114-6164-3:CNY149.00 |
| 本书收录了近两年来国内炼化生产、科研、设计单位有关加氢装置生产运行情况总结、加氢新技术应用、加氢催化剂研究及工艺开发等论文共175篇。内容包括馏分油加氢裂化技术、各种汽煤柴油加氢精制技术、重质油加氢处理技术、工程设备与装置安全运行及节能与资源优化利用等。 |
| ● |
| 相关链接 |
|
|
|
正题名:中国石化加氢技术交流会论文集
索取号:TE624.4/Y8021
 
预约/预借
| 序号 | 登录号 | 条形码 | 馆藏地/架位号 | 状态 | 备注 |
| 1 | 1585437 | 215854378 | 自科库501/501自科库 22排3列3层/ [索取号:TE624.4/Y8021] | 在馆 |